000 00606nam a2200229 i 4500
001 C2-0082051
003 PPAK
005 20180727084743.0
008 970429s1983 enka|||| ||||| | eng d
020 _a0861630637
040 _aPPAK
_beng
_cPPAK
_erda
082 0 4 _a398.8
_223
090 0 0 _a398.8
_bMOT
_dK
245 0 0 _aMother goose
264 1 _aLondon :
_bAward Publications ,
_c1983
300 _a[n.p.] :
_bcolour illustrations ;
_c30 cm
336 _2rdacontent
_atext
337 _2rdamedia
_aunmediated
338 _2rdacarrier
_avolume
650 1 0 _aNursery rhymes, English
942 _ddc
_cB
999 _c15002
_d15002